Les villes des provinces belges -> la Flandre Occidentale - Map Quiz - Statistiques

Statistiques générales
  • Ce quiz a été pris 33 fois
  • Le résultat moyen est 9 sur 13
Réponses sur la Carte
Les réponses sont colorées sur une échelle allant du rouge au vert en fonction du pourcentage des utilisateurs qui les ont devinées à leur premier essai. Vous pouvez retrouver ces pourcentages ci-dessous.
 
Statistiques - réponses
Réponse % Correct
Bruges
96%
Knocke-Heist
86%
La Panne
82%
Ypres
79%
Ostende
75%
Courtrais
68%
Furnès
68%
Ménin
64%
Waregem
64%
Middlekerke
54%
Nieuport
54%
Blankenberge
46%
Le Coq
32%
Aucun quiz correspondant
Distribution des résultats
% des personnes avec chaque résultat
Percentile par nombre de réponses
Votre historique - résultats
Vous n’avez pas pris ce quiz